00498nam a2200157Ia 4500008004100000082001000041100002300051245005700074260002800131300000800159365000700167520002600174630005700200650002600257730005700283100917s9999 xx 000 0 und d b43071 aHenryclay Lindgren aAn Introduction to Social Psychology (आ. 2 री) bWiley Eastern pvtc1979 a495 b30 aइंग्रजी aAn Introduction to Social Psychology (आ. 2 री) aइंग्रजी aAn Introduction to Social Psychology (आ. 2 री)